Les 15 pays américains les plus peuplés - Statistiques

Statistiques générales
  • Ce quiz a été pris 207 fois
  • Le résultat moyen est 13 sur 15
Statistiques - réponses
Nombre d'habitants Pays % Correct
340 000 000 États-Unis
100%
38 800 000 Canada
98%
128 500 000 Mexique
98%
216 400 000 Brésil
97%
45 800 000 Argentine
93%
19 600 000 Chili
93%
52 100 000 Colombie
92%
34 400 000 Pérou
91%
11 200 000 Cuba
87%
28 800 000 Venezuela
87%
12 400 000 Bolivie
83%
18 200 000 Équateur
80%
11 700 000 Haïti
69%
18 100 000 Guatemala
67%
11 300 000 République Dominicaine
60%
Aucun quiz correspondant
Distribution des résultats
% des personnes avec chaque résultat
Percentile par nombre de réponses
Votre historique - résultats
Vous n’avez pas pris ce quiz